Le plaisir d'apprendre en ligne à l'université (Record no. 48339)

MARC details
000 -LEADER
fixed length control field 00787nam a22002297a 4500
003 - CONTROL NUMBER IDENTIFIER
control field 0
005 - DATE AND TIME OF LATEST TRANSACTION
control field 20160609170123.0
008 - FIXED-LENGTH DATA ELEMENTS--GENERAL INFORMATION
fixed length control field 101123t xxu||||| |||| 00| 0 eng d
020 ## - NUMERO INTERNATIONAL NORMALISE DES LIVRES
International Standard Book Number 978-2-8041-0190-9
022 ## - NUMERO INTERNATIONAL NORMALISE DES PUBLICATIONS EN SERIE
International Standard Serial Number 1373-0258
040 ## - SOURCE DU CATALOGAGE
Original cataloging agency BUAC
Language of cataloging Fr.
Transcribing agency CRPU/UAC06
041 ## - CODE DE LANGUE
Language code of text/sound track or separate title Fr.
100 ## - VEDETTE PRINCIPALE - NOM DE PERSONNE
Personal name Kim, Sun-Mi
9 (RLIN) 11451
245 ## - TITLE STATEMENT
Title Le plaisir d'apprendre en ligne à l'université
Remainder of title Implication et pédagogie
Statement of responsibility, etc /Sous la direction de Sun-Mi Kim, Christian Verrier
260 ## - PUBLICATION, DISTRIBUTION, ETC. (IMPRINT)
Place of publication, distribution, etc Bruxelles:
Name of publisher, distributor, etc De Boeck Université,
Date of publication, distribution, etc 2009
300 ## - PHYSICAL DESCRIPTION
Extent 222p.
Other physical details Couv. ill. en Coul.
Dimensions 24 cm
440 ## - SERIES STATEMENT/ADDED ENTRY--TITLE
Title (Collection Perspectives en éducation et formation)
9 (RLIN) 11452
504 ## - BIBLIOGRAPHY, ETC. NOTE
Bibliography, etc Comprend: bibliogr., webographie
650 ## - SUBJECT ADDED ENTRY--TOPICAL TERM
Topical term or geographic name as entry element SCIENCES SOCIALES
9 (RLIN) 11453
700 ## - ADDED ENTRY--PERSONAL NAME
Personal name Verrier, Christian
9 (RLIN) 11454
942 ## - ADDED ENTRY ELEMENTS (KOHA)
Koha item type Livre
Holdings
Withdrawn status Lost status Damaged status Not for loan Location (home branch) Sublocation or collection (holding branch) Date acquired Source of acquisition Koha issues (times borrowed) Koha full call number Piece designation (barcode) Koha date last seen Copy number Price effective from Koha item type Shelving location Coded location qualifier
        Bibliothèque Universitaire Centrale Bibliothèque Universitaire Centrale   Achat   137KIM 137buc 23/11/2010 2 23/11/2010 Livre    
        Bibliothèque Universitaire Centrale Bibliothèque Universitaire Centrale   Achat   138KIM 138buc 23/11/2010   23/11/2010 Livre    
        Bibliothèque Universitaire Centrale Bibliothèque Universitaire Centrale 17/05/2017     378.6 KIM 14-005Buc 17/05/2017 1 17/05/2017 Libre Accès   14/005


© 2008, Bibliothèques de l'Université d'Abomey-Calavi

04 BP 789 Cotonou, Tél. : +229 21 36 01 01, Fax : +229 21 35 06 32

Courriel : bu@bu.uac.bj